[Event "43rd IT Bosna 2013 - A"]
[Site "Sarajevo"]
[Date "2013.06.07"]
[Round "8.11"]
[White "Forsberg, Viktor"]
[Black "Tomic, Bosko"]
[Result "0-1"]
[WhiteElo "2286"]
[BlackElo "2430"]
[PlyCount "134"]
[EventDate "2013.06.01"]

1. c4 e5 2. g3 Nf6 3. Bg2 Nc6 4. Nc3 Bb4 5. Nd5 Bc5 6. Nf3 d6 7. O-O Nxd5 8.
cxd5 Nd4 9. Nxd4 Bxd4 10. e3 Bb6 11. b3 O-O 12. Bb2 Bd7 13. a4 c5 14. f4 f6 15.
Qc2 Ba5 16. fxe5 fxe5 17. Be4 h6 18. Rxf8+ Qxf8 19. Rf1 Qe7 20. Bh7+ Kh8 21.
Bf5 Rf8 22. Bxd7 Rxf1+ 23. Kxf1 Qxd7 24. Kg2 Qg4 25. d3 Be1 26. Kf1 Ba5 27. Kg2
Kg8 28. e4 Bd8 29. h3 Qh5 30. g4 Qg6 31. Qf2 Bg5 32. Qf5 Qe8 33. Bc3 g6 34. Qf1
Qd8 35. Qd1 Bf4 36. Be1 Kg7 37. Qc2 h5 38. Qe2 Kh6 39. Qd1 Qg5 40. Qf3 Qd8 41.
Bg3 Qg5 42. Be1 Kg7 43. Kf1 Kh6 44. Kg2 b6 45. Bf2 a6 46. Be1 b5 47. axb5 axb5
48. Qe2 Qd8 49. Bg3 Bxg3 50. Kxg3 Qg5 51. Qf2 Kg7 52. Qf3 h4+ 53. Kg2 Qd2+ 54.
Kh1 Qc1+ 55. Kg2 Qc2+ 56. Qf2 Qxd3 57. Qxh4 Qxe4+ 58. Kg1 Qd4+ 59. Kh2 Qf4+ 60.
Kg1 g5 61. Qh5 e4 62. Kg2 Qd2+ 63. Kg1 Qc1+ 64. Kg2 Qb2+ 65. Kg1 Qd4+ 66. Kg2
Qxd5 67. h4 e3+ 0-1

[Event "43rd IT Bosna 2013 - A"]
[Site "Sarajevo"]
[Date "2013.06.07"]
[Round "8.12"]
[White "Haznedaroglu, Kivanc"]
[Black "Cabarkapa, Novak"]
[Result "1/2-1/2"]
[WhiteElo "2427"]
[BlackElo "2341"]
[PlyCount "82"]
[EventDate "2013.06.01"]

1. e4 e6 2. Qe2 c5 3. Nf3 Nc6 4. g3 g6 5. Bg2 Bg7 6. O-O d6 7. d3 Nge7 8. h4 e5
9. c3 Bg4 10. Na3 O-O 11. Nc4 f5 12. Ne3 Bh5 13. Qc2 h6 14. Nh2 f4 15. g4 fxe3
16. gxh5 exf2+ 17. Rxf2 Rxf2 18. Qxf2 gxh5 19. Qe2 Kh8 20. Qxh5 Qe8 21. Qxe8+
Rxe8 22. h5 Ng8 23. Ng4 Rf8 24. a3 Nd8 25. Bh3 Nf7 26. Kg2 Nf6 27. Nxf6 Bxf6
28. Be3 Rg8+ 29. Kf2 Bh4+ 30. Ke2 Rg3 31. Rh1 Bf6 32. Be6 Rg2+ 33. Bf2 Rg7 34.
b4 Ng5 35. Bd5 b6 36. a4 cxb4 37. cxb4 Rc7 38. Rd1 Nh3 39. Be3 Bg5 40. Rf1 Nf4+
41. Bxf4 Bxf4 1/2-1/2

[Event "43rd IT Bosna 2013 - A"]
[Site "Sarajevo"]
[Date "2013.06.07"]
[Round "8.13"]
[White "Jakovljevic, Vlado"]
[Black "Rasidovic, Sead"]
[Result "0-1"]
[WhiteElo "2440"]
[BlackElo "2381"]
[PlyCount "100"]
[EventDate "2013.06.01"]

1. Nf3 f5 2. c4 Nf6 3. d4 e6 4. g3 Be7 5. Bg2 O-O 6. O-O d6 7. Nc3 Qe8 8. Qc2
Qh5 9. Bg5 h6 10. Bxf6 Bxf6 11. e4 Nc6 12. d5 Nb4 13. Qd2 e5 14. exf5 Bxf5 15.
Ne1 Bg5 16. Qd1 Qg6 17. Qe2 Qh7 18. Ne4 Be7 19. a3 Na6 20. b4 Nb8 21. Nd3 Nd7
22. f3 g5 23. Ndf2 Rf7 24. Bh3 Bxh3 25. Nxh3 Raf8 26. Kg2 Qg6 27. Qe3 Nb6 28.
Qd3 c6 29. Rad1 cxd5 30. cxd5 Bd8 31. Ng1 Nd7 32. Ne2 Bb6 33. g4 h5 34. gxh5
Qxh5 35. N4g3 Qh6 36. h3 Rh7 37. Rh1 Qf6 38. Rc1 Rh4 39. Rhf1 Qf7 40. Ne4 Qg6
41. N2g3 Rhf4 42. Rcd1 Qh6 43. Qd2 R8f7 44. Qe2 Nf8 45. Qd2 Ng6 46. Ne2 Nh4+
47. Kh1 Nxf3 48. Rxf3 Rxf3 49. Qxg5+ Qxg5 50. Nxg5 Rf1+ 0-1

[Event "43rd IT Bosna 2013 - A"]
[Site "Sarajevo"]
[Date "2013.06.08"]
[Round "9.2"]
[White "Kovacevic, Aleksandar"]
[Black "Banusz, Tamas"]
[Result "1/2-1/2"]
[WhiteElo "2557"]
[BlackElo "2592"]
[PlyCount "20"]
[EventDate "2013.06.01"]

1. e4 e5 2. Nf3 Nc6 3. Bb5 Nf6 4. O-O Nxe4 5. Re1 Nd6 6. Nxe5 Be7 7. Bf1 Nxe5
8. Rxe5 O-O 9. d4 Bf6 10. Re1 Re8 1/2-1/2

[Event "43rd IT Bosna 2013 - A"]
[Site "Sarajevo"]
[Date "2013.06.08"]
[Round "9.4"]
[White "Antipov, Mikhail"]
[Black "Stojanovic, Dalibor"]
[Result "1/2-1/2"]
[WhiteElo "2478"]
[BlackElo "2514"]
[PlyCount "124"]
[EventDate "2013.06.01"]

1. e4 e5 2. Nf3 Nc6 3. Bb5 Nf6 4. d3 d6 5. O-O Bd7 6. c3 g6 7. d4 Bg7 8. Re1
O-O 9. d5 Ne7 10. Bxd7 Nxd7 11. c4 h6 12. Nc3 a5 13. Re2 f5 14. Ne1 g5 15. f3
f4 16. Nd3 b6 17. Kf1 h5 18. Ke1 Nf6 19. Kd2 Qd7 20. Kc2 c6 21. Bd2 Rfc8 22. a4
cxd5 23. cxd5 b5 24. Kb1 bxa4 25. Qxa4 Qb7 26. Be1 Rcb8 27. Qd1 Nd7 28. Na4 Nc8
29. Bf2 Ncb6 30. Nxb6 Nxb6 31. Rc2 Rc8 32. Rxc8+ Nxc8 33. Ra3 Ne7 34. Qa4 g4
35. Rb3 Qc8 36. Rc3 Qb7 37. Qc2 Qa6 38. fxg4 hxg4 39. Qe2 f3 40. gxf3 a4 41.
fxg4 Rb8 42. Ka2 Qb5 43. Qc2 Kh7 44. Rc7 Ng6 45. Qc4 Qa5 46. Be1 Qb6 47. Bf2
Qa5 48. Be3 a3 49. b4 Qa4 50. Rxg7+ Kxg7 51. Qc7+ Ne7 52. Qxe7+ Kg8 53. Qe6+
Kh8 54. Qf6+ Kg8 55. Qg5+ Kh8 56. Qh5+ Kg8 57. Qg6+ Kh8 58. Qh6+ Kg8 59. Qe6+
Kh8 60. Qf6+ Kg8 61. Qg5+ Kh8 62. Qh6+ Kg8 1/2-1/2

[Event "43rd IT Bosna 2013 - A"]
[Site "Sarajevo"]
[Date "2013.06.08"]
[Round "9.5"]
[White "Erdos, Viktor"]
[Black "Predojevic, Borki"]
[Result "1/2-1/2"]
[WhiteElo "2645"]
[BlackElo "2616"]
[PlyCount "21"]
[EventDate "2013.06.01"]

1. d4 Nf6 2. c4 e6 3. Nc3 d5 4. cxd5 Nxd5 5. e4 Nxc3 6. bxc3 c5 7. Nf3 cxd4 8.
cxd4 Bb4+ 9. Bd2 Bxd2+ 10. Qxd2 O-O 11. Be2 1/2-1/2

[Event "43rd IT Bosna 2013 - A"]
[Site "Sarajevo"]
[Date "2013.06.08"]
[Round "9.7"]
[White "Sebenik, Matej"]
[Black "Can, Emre"]
[Result "1/2-1/2"]
[WhiteElo "2519"]
[BlackElo "2475"]
[PlyCount "109"]
[EventDate "2013.06.01"]

1. Nf3 g6 2. d4 Nf6 3. c4 Bg7 4. g3 O-O 5. Bg2 d6 6. O-O Nc6 7. Nc3 a6 8. d5
Na5 9. b3 c5 10. dxc6 Ne4 11. c7 Qxc7 12. Nd5 Qd8 13. Nd4 Nf6 14. Bg5 e6 15.
Nxf6+ Bxf6 16. Bxf6 Qxf6 17. Qd2 Qd8 18. Rac1 Qc7 19. Rfd1 Rd8 20. Qg5 Bd7 21.
h4 Be8 22. Qf6 Rd7 23. h5 Qd8 24. Qf3 Rc8 25. hxg6 hxg6 26. e4 Qg5 27. Qc3 Nc6
28. Nxc6 bxc6 29. c5 Rcd8 30. f4 Qe7 31. cxd6 Rxd6 32. Rxd6 Qxd6 33. Bf3 Qd3
34. Rc2 a5 35. Qxd3 Rxd3 36. Kf2 a4 37. Be2 Rd4 38. Rc4 Rxc4 39. Bxc4 c5 40.
Ke3 Kg7 41. bxa4 Bxa4 42. Bb3 Bc6 43. a4 Kf6 44. a5 Bb5 45. g4 Ke7 46. e5 Kd7
47. Bc2 Kc6 48. Be4+ Kc7 49. Bd3 Kc6 50. Be4+ Kc7 51. f5 gxf5 52. gxf5 exf5 53.
Bd5 Kb8 54. Bxf7 Ka7 55. e6 1/2-1/2

[Event "43rd IT Bosna 2013 - A"]
[Site "Sarajevo"]
[Date "2013.06.08"]
[Round "9.8"]
[White "Tomic, Bosko"]
[Black "Kadric, Denis"]
[Result "1/2-1/2"]
[WhiteElo "2430"]
[BlackElo "2460"]
[PlyCount "42"]
[EventDate "2013.06.01"]

1. Nf3 g6 2. e4 d6 3. Bc4 Nf6 4. Qe2 Bg7 5. d4 c6 6. Bb3 O-O 7. Nc3 Bg4 8. h3
Bxf3 9. Qxf3 e5 10. dxe5 dxe5 11. Bg5 Na6 12. O-O Nc5 13. Rad1 Qe7 14. Na4 Nxa4
15. Bxa4 h6 16. Bxf6 Bxf6 17. Rd3 Kg7 18. Rfd1 Rad8 19. Bb3 Rxd3 20. Rxd3 Rd8
21. c3 Qc7 1/2-1/2

[Event "43rd IT Bosna 2013 - A"]
[Site "Sarajevo"]
[Date "2013.06.08"]
[Round "9.9"]
[White "Nestorovic, Nikola"]
[Black "Haznedaroglu, Kivanc"]
[Result "1-0"]
[WhiteElo "2405"]
[BlackElo "2427"]
[PlyCount "107"]
[EventDate "2013.06.01"]

1. e4 e5 2. Nf3 Nc6 3. Bc4 Be7 4. d3 Nf6 5. O-O d6 6. c3 O-O 7. Bb3 Na5 8. Bc2
c5 9. Nbd2 Re8 10. Re1 Bf8 11. Nf1 h6 12. b4 cxb4 13. cxb4 Nc6 14. b5 Ne7 15.
d4 Ng6 16. Bb2 Bd7 17. a4 a6 18. bxa6 Rxa6 19. h3 Qa8 20. Ne3 Qa7 21. Nc4 Qb8
22. a5 Bc6 23. Qb1 Qc7 24. Nb6 Nf4 25. Bc1 g5 26. Be3 exd4 27. Bxd4 Nd7 28. Bb3
Ne5 29. Nxe5 dxe5 30. Be3 Bb4 31. Rd1 Bxa5 32. Na4 Raa8 33. Kh2 Ne2 34. Bc4
Bxa4 35. Rxa4 Nc3 36. Qb3 Nxa4 37. Qxa4 Bb6 38. Qb3 Bxe3 39. fxe3 Kg7 40. Bd5
Re7 41. Qb4 Rd8 42. Rb1 Qd6 43. Qb5 Rc8 44. Qe2 Rc3 45. Rb5 Qa3 46. Qf2 Qc1 47.
Rb6 Rc6 48. Bxc6 bxc6 49. Rb8 Qc4 50. Qd2 Qxe4 51. Qd8 Re6 52. Qg8+ Kf6 53.
Qh8+ Kg6 54. g4 1-0

[Event "43rd IT Bosna 2013 - A"]
[Site "Sarajevo"]
[Date "2013.06.08"]
[Round "9.10"]
[White "Sutkovic, Damir"]
[Black "Nestorovic, Lazar"]
[Result "0-1"]
[WhiteElo "2331"]
[BlackElo "2380"]
[PlyCount "111"]
[EventDate "2013.06.01"]

1. d4 d5 2. c4 c6 3. cxd5 cxd5 4. Nc3 Nf6 5. Bf4 Nc6 6. e3 e6 7. Bd3 Bd6 8. Bg5
O-O 9. Nf3 h6 10. Bh4 Be7 11. O-O b6 12. Rc1 Bb7 13. Qe2 Rc8 14. a3 Na5 15. Ne5
Ne4 16. Bxe7 Qxe7 17. Bxe4 dxe4 18. b4 Nc6 19. Nxc6 Rxc6 20. b5 Rc7 21. Qb2
Rfc8 22. Na2 Rc4 23. Rxc4 Rxc4 24. Rc1 Qc7 25. Rxc4 Qxc4 26. Nc3 Qd3 27. h3 f5
28. Kh2 f4 29. exf4 e3 30. fxe3 Qxe3 31. Nd1 Qxf4+ 32. Kg1 Qg3 33. Qe2 Qb3 34.
Nf2 Bd5 35. Qd3 Qxd3 36. Nxd3 Bc4 37. Nf4 Kf7 38. a4 g5 39. Nh5 Bb3 40. Ng3
Bxa4 41. Ne4 Ke7 42. Nc3 Bb3 43. Kf2 e5 44. Ke3 Ke6 45. g3 Bc4 46. h4 exd4+ 47.
Kxd4 Bf1 48. hxg5 hxg5 49. Ne4 Kf5 50. Nd6+ Kg4 51. Nc8 Bxb5 52. Nxa7 Bd7 53.
Kd5 Kxg3 54. Kd6 Ba4 55. Nc8 b5 56. Kd5 0-1

[Event "43rd IT Bosna 2013 - A"]
[Site "Sarajevo"]
[Date "2013.06.08"]
[Round "9.11"]
[White "Cabarkapa, Novak"]
[Black "Burovic, Ismet"]
[Result "1-0"]
[WhiteElo "2341"]
[BlackElo "2351"]
[PlyCount "115"]
[EventDate "2013.06.01"]

1. e4 c6 2. d4 d5 3. e5 Bf5 4. h4 h5 5. c4 e6 6. Nc3 Nd7 7. cxd5 cxd5 8. Bd3
Bxd3 9. Qxd3 a6 10. Nf3 Ne7 11. O-O Rc8 12. Bg5 f6 13. Bf4 Kf7 14. Rfe1 Rc6 15.
Bh2 Nb6 16. Ne2 Ng6 17. Rac1 Nc4 18. b3 Na5 19. Nf4 Nxf4 20. Bxf4 Rxc1 21. Bxc1
Nc6 22. Qe3 Qd7 23. Qf4 f5 24. Qxf5+ exf5 25. e6+ Qxe6 26. Ng5+ Ke8 27. Nxe6
Kd7 28. Nf4 Be7 29. g3 Bb4 30. Re3 Ne7 31. Re2 Bd6 32. Kg2 Rc8 33. Be3 Bxf4 34.
Bxf4 Rc3 35. Re5 g6 36. Be3 b6 37. Bg5 Nc6 38. Re2 Rd3 39. Bf6 b5 40. Kg1 b4
41. Kf1 a5 42. Rc2 a4 43. bxa4 Ra3 44. Rc5 Kd6 45. Bg7 Rxa4 46. Bf8+ Kc7 47.
Rxd5 Rxa2 48. Rb5 Rd2 49. d5 Na7 50. d6+ Kc6 51. Rxb4 Nb5 52. Rc4+ Kd7 53. Kg2
Ke6 54. Rc6 Kf7 55. Be7 Nd4 56. Rc7 Ke6 57. Bg5 Rd1 58. d7 1-0

[Event "43rd IT Bosna 2013 - A"]
[Site "Sarajevo"]
[Date "2013.06.08"]
[Round "9.13"]
[White "Mestrovic, Zvonimir"]
[Black "Rasidovic, Sead"]
[Result "1/2-1/2"]
[WhiteElo "2327"]
[BlackElo "2381"]
[PlyCount "20"]
[EventDate "2013.06.01"]

1. e4 e6 2. d4 d5 3. Nc3 Nf6 4. exd5 exd5 5. Bd3 Be7 6. Bg5 c6 7. h3 O-O 8. Nf3
Nbd7 9. O-O Re8 10. Re1 Nf8 1/2-1/2

[Event "43rd IT Bosna 2013 - A"]
[Site "Sarajevo"]
[Date "2013.06.08"]
[Round "9.14"]
[White "Bejtovic, Jasmin"]
[Black "Batricevic, Sasa"]
[Result "1-0"]
[WhiteElo "2397"]
[BlackElo "2252"]
[PlyCount "77"]
[EventDate "2013.06.01"]

1. e4 e5 2. Nf3 Nc6 3. d4 exd4 4. Nxd4 Bc5 5. Nxc6 Qf6 6. Qd2 dxc6 7. Nc3 Qg6
8. f3 Ne7 9. Bd3 f5 10. Qe2 Be6 11. Bd2 O-O-O 12. O-O-O Qf7 13. a3 f4 14. g3 g5
15. e5 Bd4 16. Ne4 Qg7 17. gxf4 gxf4 18. c3 Bxe5 19. Nc5 Ba2 20. Rhg1 Qf6 21.
Ba6 Qf5 22. Bxb7+ Kb8 23. Ne4 Kxb7 24. Rg5 Qf7 25. Rxe5 Rd5 26. Nc5+ Rxc5 27.
Rxc5 Qg6 28. Qe4 Nd5 29. c4 Qxe4 30. fxe4 Nb6 31. Bxf4 Bxc4 32. Re5 Rf8 33. Bg3
Bb3 34. Re1 Nc4 35. Re7 Rd8 36. Bxc7 Rd3 37. Rg7 Rh3 38. Bg3+ Kb6 39. e5 1-0